|
|
|
|
| LEADER |
00000naa2a2200000 4500 |
| 001 |
603815 |
| 005 |
20260204141939.0 |
| 035 |
|
|
|a (RuTPU)RU\TPU\conf\1014
|
| 035 |
|
|
|a RU\TPU\conf\1008
|
| 090 |
|
|
|a 603815
|
| 100 |
|
|
|a 20140206d2013 k y0rusy50 ca
|
| 101 |
0 |
|
|a rus
|
| 102 |
|
|
|a RU
|
| 135 |
|
|
|a drnn ---uucaa
|
| 181 |
|
0 |
|a i
|
| 182 |
|
0 |
|a b
|
| 200 |
1 |
|
|a Усовершенствование технологии предварительного сброса воды на объектах добычи нефти
|f В. А. Смовж, П. А. Соловьев
|g науч. рук. Н. М. Семенов
|
| 203 |
|
|
|a Текст
|c электронный
|
| 225 |
1 |
|
|a Автоматизация и управление в технических системах
|
| 300 |
|
|
|a Заглавие с титульного экрана
|
| 320 |
|
|
|a [Библиогр.: с. 288 (3 назв.)]
|
| 337 |
|
|
|a Adobe Reader
|
| 463 |
|
1 |
|0 (RuTPU)RU\TPU\conf\515
|t Молодежь и современные информационные технологии
|o сборник трудов XI Международной научно-практической конференции студентов, аспирантов и молодых ученых, г. Томск, 13-16 ноября 2013 г.
|f Национальный исследовательский Томский политехнический университет (ТПУ) ; под ред. Е. А. Сикоры и др.
|v [С. 286-288]
|d 2013
|
| 610 |
1 |
|
|a труды учёных ТПУ
|
| 610 |
1 |
|
|a электронный ресурс
|
| 610 |
1 |
|
|a технологии процесса
|
| 610 |
1 |
|
|a сброс воды
|
| 610 |
1 |
|
|a нефть
|
| 610 |
1 |
|
|a добыча
|
| 700 |
|
1 |
|a Смовж
|b В. А.
|
| 701 |
|
1 |
|a Соловьев
|b П. А.
|
| 702 |
|
1 |
|a Семенов
|b Н. М.
|c инженер-электрик
|c старший преподаватель Томского политехнического университета
|f 1952-
|g Николай Михайлович
|4 727
|
| 712 |
0 |
2 |
|a Национальный исследовательский Томский политехнический университет (ТПУ)
|b Институт кибернетики (ИК)
|b Кафедра интегрированных компьютерных систем управления (ИКСУ)
|3 (RuTPU)RU\TPU\col\18701
|
| 801 |
|
2 |
|a RU
|b 63413507
|c 20220328
|g RCR
|
| 856 |
4 |
|
|u http://earchive.tpu.ru/handle/11683/70248
|
| 856 |
4 |
|
|u http://www.lib.tpu.ru/fulltext/c/2013/C04/132.pdf
|
| 942 |
|
|
|c CF
|